00850cam a2200229 a 450000100060000000300080000600500170001400800410003102000150007203500190008704000410010604100110014708200200015810000310017824501850020925000120039426000580040630000290046450000600049365000450055370000220059822400BD-RjUL20211209000813.0140308r19911956vtua 00011 eng d a0804801843 a(BD-RjUL)22465 aXeroxbengdSITdNSL:RdANLcBD-RjUL1 aengund04a895.6bSAF 19911 a Saikaku,Iharad1642-1693.00aFive women who loved love /cby Ihara Saikaku ; translated by Wm. Theodore de Bary ; with a background essay by Richard Lane ; and the 17th century illustrations by Yoshida Hambei. a1st ed. aRutland, Vt. :bTuttle,c1956,e1956 (1991 printing). a264 p. :bill. ;c20 cm. aCover sub-title: Amorous tales from 17th century Japan. 0aJapanese fictionyEdo period, 1600-1868.1 aBary, Theodore De